| 000 | 00789cam a2200289 a 4500 | ||
|---|---|---|---|
| 003 | data | ||
| 005 | 20260322212032.0 | ||
| 008 | data | ||
| 010 | _a92003177 | ||
| 020 | _a0671735381 | ||
| 020 | _a9780671735388 | ||
| 040 |
_aDLC _cDLC _dOCL |
||
| 082 | 0 | 0 |
_a158/.1 _220 |
| 092 | _a158.1 Gil 1992 | ||
| 100 | 1 | _aGillett, Richard | |
| 245 | 1 | 0 |
_aChange your mind, change your world / _cRichard Gillett. |
| 260 |
_aNew York : _bSimon & Schuster, _cc1992 |
||
| 300 |
_a335 p. ; _c21 cm |
||
| 500 | _a"A Fireside book." | ||
| 504 | _aIncludes bibliographical references (p. [321]-322) and index | ||
| 650 | 0 | _aExpectation (Psychology) | |
| 650 | 0 | _aAttitude (Psychology) | |
| 650 | 0 | _aMotivation (Psychology) | |
| 650 | 0 | _aBelief and doubt | |
| 650 | 0 | _aSocial perception | |
| 001 | data | ||
| 999 |
_c737 _d737 |
||